000 00525nam a2200205Ia 4500
003 OSt
005 20220925204552.0
006 a|||||r|||| 00| 0
007 ta
008 220923b |||||||| |||| 00| 0 eng d
037 _cGeneral Book
040 _aRTL
_cRTL
_beng
041 _2eng
_aeng
082 _aUp33.N64, K5
245 0 _aDevelopment in Geography
260 _aGreatBritain
_bMorey House
_c1965
300 _a97p
_ccm.
942 _hUp33.N64, K5
_cGB
_2CC
999 _c549793
_d549793